000 00284nam a2200121Ia 4500
008 191201s2010 xx 000 0 und d
100 _aGOYAL, D P
245 0 _aManagement Information Systems
260 _aN. Delhi
_bMacmillan
_c2010
300 _a382
650 _aMBA
942 _2ddc
_cBK
999 _c134
_d134